Seltzer tablets and pop bottles (Record no. 76760)

MARC details
000 -CABECERA
campo de control de longitud fija 00507nam a2200205 a 4500
005 - FECHA Y HORA DE LA ÚLTIMA TRANSACCIÓN
campo de control 20210219153432.0
008 - ELEMENTOS DE LONGITUD FIJA--INFORMACIÓN GENERAL
campo de control de longitud fija 991125n 000 0 eng u
035 ## - NÚMERO DE CONTROL DEL SISTEMA
Número de control de sistema UPN01000099317
100 ## - ASIENTO PRINCIPAL--NOMBRE PERSONAL
Nombre de persona JOHNS, Kenneth W.
222 ## - TÍTULO CLAVE
Título clave GRADE TEACHER
245 ## - MENCIÓN DE TÍTULO
Título Seltzer tablets and pop bottles
300 ## - DESCRIPCIÓN FÍSICA
Extensión 117-119
362 ## - FECHAS DE PUBLICACIÓN Y/O DESIGNACIÓN SECUENCIAL
Fecha de publicación y/o designación secuencial 1968 85, no. 6 feb.
653 0# - TERMINO DE INDIZACION - NO CONTROLADO
Término no controlado CIENCIA
653 0# - TERMINO DE INDIZACION - NO CONTROLADO
Término no controlado EDUCACION PRIMARIA
653 0# - TERMINO DE INDIZACION - NO CONTROLADO
Término no controlado ENSEÑANZA
653 0# - TERMINO DE INDIZACION - NO CONTROLADO
Término no controlado EXPERIMENTOS
904 ## - ELEMENTOS DE DATOS D LOCAL, LDD (RLIN)
a AC
b 037128
905 ## - TIPO DE MATERIAL
Tipo de material Articulo

No items available.